000 00597nam a22001817a 4500
005 20251108173337.0
008 250721s2000 xx 000 0 ara d
082 1 4 _aط/551.575/بدو
100 1 _aالبدوي، خليل
245 1 0 _aالغيوم و السحب /
264 1 _aعمان :
_bدار عالم الثقافة،
_c2000.
300 _a16 ص.
490 0 _aموسوعة دائرة المعارف : سلسلة الظواهر الطبيعية
_v7
650 1 7 _aالغيوم
653 _aأطفال مرحلة متوسطة (6-9 سنوات)
942 _2ddc
_cBK
999 _c101715
_d101715